| 000 | 01132nam a22003257a 4500 | ||
|---|---|---|---|
| 003 | CHAP | ||
| 005 | 20220329140216.0 | ||
| 008 | 971013s1981 r 00010 d | ||
| 010 | _a48596 | ||
| 011 | _a49568 | ||
| 035 | _a53717 | ||
| 040 | _cCHAP | ||
| 090 | _aTesis | ||
| 100 | 0 | 0 |
_aVela Staines, Guillermo. _9118357 |
| 245 | _aEstudio de factibilidad económica de la producción de hortalizas para un caso particular en Apodaca, N.L. | ||
| 260 |
_aMonterrey, N.L. : _bEl autor, _c1981 |
||
| 300 | _a48 h. | ||
| 502 | _aTesis (Ing. Agrónomo Administrador) -- ITESM. División de Ciencias Agropecuarias y Marítimas | ||
| 590 |
_aALEPH _b10 _c20130110 _lUCH01 _h1320 |
||
| 590 |
_aBATCH-UPD _b10 _c20130110 _lUCH01 _h1341 |
||
| 590 |
_aBATCH-UPD _b10 _c20130410 _lUCH01 _h0842 |
||
| 590 |
_aBATCH-UPD _b10 _c20130914 _lUCH01 _h1623 |
||
| 590 |
_aCONVERSION _b10 _c20130109 _lUCH01 _h1327 |
||
| 650 | 1 | 4 |
_aHorticultura _xAspectos económicos. _956299 |
| 650 | 1 | 4 |
_aLegumbres _xNuevo León. _965765 |
| 650 | 1 | 4 |
_aLegumbres _xRendimiento. _965781 |
| 901 | _aBK | ||
| 942 | _cTESIS | ||
| 949 |
_bBC _cTES _d-118939 _eTS1 _h19213 _i53717 _si |
||
| 999 |
_c48596 _d48596 |
||